| 000 | 00892nam a2200229Ia 4500 | ||
|---|---|---|---|
| 005 | 20250108125106.0 | ||
| 008 | 008 250107s9999 xx 000 0 hin d | ||
| 020 | _a978-81-93642-40-5 | ||
| 037 | _aTB | ||
| 040 |
_aCRL _bhin _cCRL |
||
| 041 |
_ahin _2hin |
||
| 084 | _aO152,1I00:g R3 | ||
| 084 | _qCRL | ||
| 100 | _aशर्मा, रामावतार, ले. | ||
| 245 | 0 |
_aप्रज्ञा - नयन: लुई ब्रेल आख्यानक प्रबंध काव्य _cशर्मा, रामावतार, ले. |
|
| 260 |
_aनई दिल्ली, भारत _bस्वराज प्रकाशन _c3282 |
||
| 300 | _a159पृ0 | ||
| 365 |
_aINR _b750 |
||
| 650 |
_aहिन्दी कविताहिन्दी साहित्य _9729733 |
||
| 942 |
_cTB _hO152,1I00:g R3 |
||
| 999 |
_c1235670 _d1235670 |
||